书目信息 |
| 题名: |
国外教育改革面面观
|
|
| 作者: | 蒲心文 编 | |
| 分册: | ||
| 出版信息: | 长沙 湖南教育出版社 1983 |
|
| 页数: | 167页 | |
| 开本: | 21cm | |
| 丛书名: | ||
| 单 册: | ||
| 中图分类: | G511 , G51 | |
| 科图分类: | ||
| 主题词: | 教育事业--世界 , 教学改革--外国 | |
| 电子资源: | ||
| ISBN: | ||
| 000 | 00683nam0 2200253 45 | |
| 001 | 0183009226 | |
| 005 | 20060811082745.39 | |
| 010 | @dCNY0.65 | |
| 091 | @a7284.161 | |
| 100 | @a19950621d1983 em y0chiy0121 ea | |
| 101 | 0 | @achi |
| 102 | @aCN@b430000 | |
| 105 | @ay z 000yy | |
| 200 | 10 | @a国外教育改革面面观@Aguo wai jiao yu gai ge mian mian guan@f蒲心文编 |
| 210 | @a长沙@c湖南教育出版社@d1983 | |
| 215 | @a167页@d21cm | |
| 606 | 0 | @a教育事业@x世界 |
| 606 | @a教学改革@y外国 | |
| 690 | @aG511@v3 | |
| 690 | @aG51 | |
| 701 | 0 | @a蒲心文@Apu xin wen@4编 |
| 801 | 2 | @aCN@bNLC@c20060811 |
| 801 | 0 | @aCN@b上海图书馆@c20040424 |
| 905 | @f2@b213193-194@f1@b228298@dG51@e22 | |
| 国外教育改革面面观/蒲心文编.-长沙:湖南教育出版社,1983 |
| 167页;21cm |
| ISBN :CNY0.65 |
| ● |
| 相关链接 |
|
|
|
|
正题名:国外教育改革面面观
索取号:G51/22
 
预约/预借
| 序号 | 登录号 | 条形码 | 馆藏地/架位号 | 状态 | 备注 |
| 1 | 0213193 | 000461805 | 密集书库/ [索取号:G51/22] | 在馆 | |
| 2 | 0213194 | 000461814 | 密集书库/ [索取号:G51/22] | 在馆 | |
| 3 | 0228298 | 000461798 | 密集书库/ [索取号:G51/22] | 在馆 | |
| 4 | 0448586 | 204485869 | 密集书库/ [索取号:G51/22] | 在馆 |